000 00447nam a2200181Ia 4500
001 25247
005 20260414151137.0
008 260414t2016||||xx |||||||||||||| ||spa||
041 _aESP
082 _a346.41
_bI35
100 _aIglesia Prados, Eduardo de la
_eAUT
245 0 _aDerecho patrimonial privado y deporte
_b
260 _c2016
300 _a447 páginas :
_c21 cm.
650 _aDER
654 _aCDE
942 _cLIB
_dJUS
_fJUS
_2ddc
_n
999 _c25247
_d25247